000 00338nam a2200145Ia 4500
008 210210b1933 xxu||||| |||| 00| 0 eng d
041 _aeng
082 _a874/33
100 _aVASUDEVAN MOOSAD (K)
245 _aSahithyapulakam
260 _a
_b-
_c1933
650 _aSahithyapulakam
690 _aMalayalam Criticism
906 _a002617
999 _c124587
_d124587